[Event "HUN-chT2 Erkel 0506"]
[Site "Hungary"]
[Date "2005.10.16"]
[Round "1"]
[White "Bella, Adam"]
[Black "Szabo, Ervin"]
[Result "0-1"]
[WhiteElo "2013"]
[BlackElo "2151"]
[PlyCount "116"]
[EventDate "2005.10.16"]
[EventType "team"]
[EventRounds "11"]
[EventCountry "HUN"]
[SourceTitle "EXT 2009"]
[Source "ChessBase"]
[SourceDate "2008.11.26"]
[SourceVersion "1"]
[SourceVersionDate "2008.11.26"]
[SourceQuality "1"]
[WhiteTeam "Dunaharaszti II"]
[BlackTeam "Vasarteri"]
[WhiteTeamCountry "HUN"]
[BlackTeamCountry "HUN"]

1. e4 e6 2. d4 d5 3. Nc3 Nc6 4. e5 Nge7 5. f4 Nf5 6. Nf3 Be7 7. Be2 h5 8. a3 a5 9. Bb5 Bd7 10. Bxc6 Bxc6 11. Qd3 b6 12. 0-0 Bb7 13. Re1 Ba6 14. Qd1 c5 15. Kh1 h4 16. Be3 Rc8 17. Bf2 Qc7 18. Rc1 Qd7 19. Qd2 Qc6 20. Nd1 Qa4 21. c3 Qb3 22. Ne3 Nxe3 23. Rxe3 Qc4 24. Qe1 h3 25. g4 Qa4 26. f5 Qd7 27. Qg1 exf5 28. gxf5 Qxf5 29. Qxg7 Rf8 30. Rg1 Bd3 31. Qg4 Qxg4 32. Rxg4 Bf5 33. Rg7 Be4 34. Kg1 Rc6 35. Nd2 cxd4 36. cxd4 Rc1+ 37. Re1 Rxe1+ 38. Bxe1 Bg2 39. Bg3 Kd7 40. Kf2 Ke6 41. Ke3 Rc8 42. Kd3 b5 43. Rh7 Rg8 44. Rh6+ Kf5 45. Ke2 Bg5 46. Rc6 Bxd2 47. Rf6+ Ke4 48. Kxd2 Kxd4 49. Rf4+ Be4 50. Rh4 Rc8 51. Kd1 Ke3 52. Bf4+ Kf3 53. Bg3 Kg2 54. Rf4 Bf3+ 55. Kd2 Rg8 56. Ke3 Rxg3 57. hxg3 h2 58. Rh4 Be4 0-1

[Event "HUN-chT2 Erkel 0304"]
[Site "Hungary"]
[Date "2004.01.25"]
[Round "6"]
[White "Adam, Gyorgy"]
[Black "Bella, Adam"]
[Result "1-0"]
[WhiteElo "2100"]
[BlackElo "2006"]
[PlyCount "51"]
[EventDate "2003.09.28"]
[EventType "team"]
[EventRounds "11"]
[EventCountry "HUN"]
[SourceTitle "EXT 2009"]
[Source "ChessBase"]
[SourceDate "2008.11.26"]
[SourceVersion "1"]
[SourceVersionDate "2008.11.26"]
[SourceQuality "1"]
[WhiteTeam "Barcza"]
[BlackTeam "Dunaharaszti II"]
[WhiteTeamCountry "HUN"]
[BlackTeamCountry "HUN"]

1. e4 c5 2. Nf3 Nc6 3. d4 cxd4 4. Nxd4 Nf6 5. Nc3 e5 6. Ndb5 d6 7. Nd5 Nxd5 8. exd5 Ne7 9. c4 a6 10. Qa4 axb5 11. Qxa8 g6 12. Bg5 Bg7 13. Bxe7 Kxe7 14. cxb5 Qc7 15. Qa3 Bd7 16. Bd3 f5 17. 0-0 e4 18. Rfe1 Be5 19. Rac1 Qb6 20. Bf1 Bd4 21. Rc2 Rc8 22. Qb3 h5 23. a4 g5 24. Ree2 Rg8 25. Rc4 h4 26. a5 1-0

[Event "HUN-chT2 Breyer 0203"]
[Site "Hungary"]
[Date "2003.02.02"]
[Round "6"]
[White "Firnigel, Janos"]
[Black "Bella, Adam"]
[Result "1-0"]
[WhiteElo "2065"]
[BlackElo "1965"]
[PlyCount "53"]
[EventDate "2002.09.22"]
[EventType "team"]
[EventRounds "11"]
[EventCountry "HUN"]
[SourceTitle "EXT 2009"]
[Source "ChessBase"]
[SourceDate "2008.11.26"]
[SourceVersion "1"]
[SourceVersionDate "2008.11.26"]
[SourceQuality "1"]

1. d4 Nf6 2. Nf3 d5 3. c4 e6 4. Nc3 Be7 5. Bg5 Nbd7 6. e3 b6 7. cxd5 exd5 8. Bd3 Bb7 9. 0-0 0-0 10. Rc1 Rc8 11. Nb5 a6 12. Na7 Ra8 13. Nc6 Bxc6 14. Rxc6 Bd6 15. Qc2 h6 16. Bh4 Nb8 17. Rc3 c5 18. dxc5 Bxc5 19. Rd1 g5 20. Bg3 Qe7 21. a3 Ne4 22. Bxe4 dxe4 23. Ne5 Rd8 24. Rxd8+ Qxd8 25. b4 Bf8 26. Rc8 Qd5 27. h3 1-0